La casa y la vida en la antigua Salamanca (Record no. 25011)
[ view plain ]
| 000 -LEADER | |
|---|---|
| campo de control de longitud fija | 01136nam a2200241 i 4500 |
| 001 - NÚMERO DE CONTROL | |
| campo de control | 25011 |
| 003 - IDENTIFICADOR DE NÚMERO DE CONTROL | |
| campo de control | ES-MaACL |
| 005 - FECHA Y HORA DE LA ÚLTIMA TRANSACCIÓN | |
| campo de control | 20250907063036.0 |
| 007 - CAMPO FIJO DE DESCRIPCIÓN FÍSICA--INFORMACIÓN GENERAL | |
| campo de control de longitud fija | t| |
| 008 - DATOS DE LONGITUD FIJA--INFORMACIÓN GENERAL | |
| campo de control de longitud fija | 021219s1917 sp a |||| | spa d |
| 100 1# - ENTRADA PRINCIPAL--NOMBRE DE PERSONA | |
| Nombre de persona | Apraiz y Buesa, Ángel de, |
| Fechas asociadas al nombre | 1885-1956 |
| 9 (RLIN) | 22127 |
| 245 13 - MENCIÓN DEL TÍTULO | |
| Título | La casa y la vida en la antigua Salamanca |
| Resto del título | : notas de dos conferencias en el Ateneo de Madrid y en el de Salamanca / |
| Mención de responsabilidad, etc. | por Ángel de Apraiz ; [fotografías del Seminario de Arte de la Facultad de Filosofía y Letras]. |
| 260 ## - PUBLICACIÓN, DISTRIBUCIÓN, ETC. | |
| Lugar de publicación, distribución, etc. | Salamanca : |
| Nombre del editor, distribuidor, etc. | [s.n.], |
| Fecha de publicación, distribución, etc. | 1917 ( |
| Fabricante | Imp. Calatrava) |
| 300 ## - DESCRIPCIÓN FÍSICA | |
| Extensión | 47 p. : |
| Otras características físicas | il. ; |
| Dimensiones | 25 cm. |
| 500 ## - NOTA GENERAL | |
| Nota general | Conferencia dada el 29 de marzo de 1917, organizada por la Sección de Artes Plásticas, presidida por Vicente Lampérez. |
| 610 24 - PUNTO DE ACCESO ADICIONAL DE MATERIA--NOMBRE DE ENTIDAD CORPORATIVA | |
| Nombre de entidad corporativa o nombre de jurisdicción como elemento de entrada | Ateneo de Madrid- |
| Subdivisión de forma | Conferencias- |
| Subdivisión cronológica | 1900-1939 |
| 9 (RLIN) | 1907 |
| 650 #4 - PUNTO DE ACCESO ADICIONAL DE MATERIA--TÉRMINO DE MATERIA | |
| Término de materia o nombre geográfico como elemento de entrada | Casas señoriales- |
| Subdivisión geográfica | Salamanca. |
| 9 (RLIN) | 156821 |
| 651 #4 - PUNTO DE ACCESO ADICIONAL DE MATERIA--NOMBRE GEOGRÁFICO | |
| Nombre geográfico | Salamanca- |
| Subdivisión general | Usos y costumbres. |
| 9 (RLIN) | 156822 |
| 710 2# - ENTRADA AGREGADA--NOMBRE DE ENTIDAD CORPORATIVA | |
| Nombre de entidad corporativa o nombre de jurisdicción como elemento de entrada | Ateneo de Salamanca. |
| 9 (RLIN) | 2020 |
| 710 2# - ENTRADA AGREGADA--NOMBRE DE ENTIDAD CORPORATIVA | |
| Nombre de entidad corporativa o nombre de jurisdicción como elemento de entrada | Ateneo de Madrid. |
| Unidad subordinada | Sección de Artes Plásticas. |
| 9 (RLIN) | 1970 |
| 852 ## - LOCALIZACIÓN | |
| Ubicación | ES-MaACL |
| Número de control de estantería | 1567-F-17 |
| Nota libre | . - Dedicatoria autógrafa del autor |
| Estatus retirado | Estado de pérdida | Estado de daño | No para préstamo | Colección | Biblioteca de origen | Biblioteca actual | Ubicación en estantería | Fecha de adquisición | Fuente de adquisición | Total de préstamos | Signatura topográfica completa | Código de barras | Visto por última vez | Precio de reemplazo | Tipo de ítem Koha |
|---|---|---|---|---|---|---|---|---|---|---|---|---|---|---|---|
| Colección de folletos | Biblioteca del Ateneo de Madrid | Biblioteca del Ateneo de Madrid | Depósito folletos | 17/01/2008 | 1567-F-17 | 1025788 | 23/02/2023 | 23/02/2023 | Folleto |
